[Event "34. Open Internacional de Andorra 2016"]
[Site "Andorra AND"]
[Date "2016.08.08"]
[Round "6.22"]
[White "Arjol Lopez, Daniel"]
[Black "Merenciano, Alexandre"]
[Result "1/2-1/2"]
[WhiteElo "1963"]
[BlackElo "2197"]
[PlyCount "76"]
[EventDate "2016.08.03"]
[EventType "swiss"]
[EventRounds "9"]
[EventCountry "AND"]
[SourceTitle "Ajedrez en Madrid"]
[Source "lmi"]
[SourceDate "2016.08.03"]
[SourceVersion "1"]
[SourceVersionDate "2018.03.01"]
[SourceQuality "1"]

1. e4 e6 2. d4 d5 3. Nd2 Nf6 4. e5 Nfd7 5. f4 c5 6. Ngf3 cxd4 7. Nb3 Nc6 8. Be2
Qb6 9. Nfxd4 Nc5 10. Be3 Nxb3 11. axb3 Bc5 12. c3 Nxd4 13. Bxd4 Bxd4 14. Qxd4
Qxb3 15. O-O O-O 16. Rfb1 Bd7 17. Ra3 Qb6 18. Qxb6 axb6 19. Rb3 f6 20. Rxb6
fxe5 21. Rxb7 Bc8 22. Re7 Rxf4 23. g3 Rf7 24. Re8+ Rf8 25. Re7 Rf6 26. Bh5 g6
27. Bg4 h5 28. Bh3 Kf8 29. Rc7 Rf7 30. Rxc8+ Rxc8 31. Bxe6 Rc5 32. Bxf7 Kxf7
33. Re1 Ke6 34. Kf2 Rb5 35. Re2 Rb8 36. Ke3 Kd6 37. Rf2 Kc5 38. Kd3 Kd6 1/2-1/2

[Event "34. Open Internacional de Andorra 2016"]
[Site "Andorra AND"]
[Date "2016.08.08"]
[Round "6.23"]
[White "Garcia Paolicchi, Raul"]
[Black "Kern, Nicolas"]
[Result "0-1"]
[WhiteElo "2144"]
[BlackElo "2079"]
[PlyCount "66"]
[EventDate "2016.08.03"]
[EventType "swiss"]
[EventRounds "9"]
[EventCountry "AND"]
[SourceTitle "Ajedrez en Madrid"]
[Source "lmi"]
[SourceDate "2016.08.03"]
[SourceVersion "1"]
[SourceVersionDate "2018.03.01"]
[SourceQuality "1"]

1. d4 d5 2. c4 c6 3. Nf3 Nf6 4. e3 Bf5 5. Nc3 e6 6. Nh4 Be4 7. f3 Bg6 8. Qb3
Qc7 9. Bd2 Be7 10. Nxg6 hxg6 11. g3 Nbd7 12. O-O-O a6 13. Kb1 dxc4 14. Bxc4 b5
15. Be2 c5 16. Bc1 O-O 17. d5 b4 18. dxe6 bxc3 19. exd7 cxb2 20. Bxb2 Nxd7 21.
Qd5 Rab8 22. Ka1 Qa5 23. Rd3 Nb6 24. Qe4 c4 25. Qxe7 cxd3 26. Bxd3 Rfe8 27. Qc7
Qd2 28. Bxg6 Nd7 29. Bc3 Qxe3 30. Bxf7+ Kxf7 31. Qxd7+ Re7 32. Qd5+ Kf8 33. Bd4
Qe1+ 0-1

[Event "34. Open Internacional de Andorra 2016"]
[Site "Andorra AND"]
[Date "2016.08.08"]
[Round "6.24"]
[White "Caloone, Thomas"]
[Black "Trouve, Guillaume"]
[Result "1-0"]
[WhiteElo "2029"]
[BlackElo "2142"]
[PlyCount "93"]
[EventDate "2016.08.03"]
[EventType "swiss"]
[EventRounds "9"]
[EventCountry "AND"]
[SourceTitle "Ajedrez en Madrid"]
[Source "lmi"]
[SourceDate "2016.08.03"]
[SourceVersion "1"]
[SourceVersionDate "2018.03.01"]
[SourceQuality "1"]

1. e4 c5 2. Nf3 d6 3. Bc4 Nf6 4. d3 Nc6 5. c3 g6 6. O-O Bg7 7. h3 O-O 8. Bf4
Na5 9. Na3 Nxc4 10. Nxc4 e5 11. Bg5 h6 12. Bh4 g5 13. Bg3 Nh5 14. Ne3 Nf4 15.
h4 g4 16. Nh2 h5 17. f3 Bf6 18. fxg4 Bxh4 19. Bxf4 exf4 20. Nf5 Bg3 21. gxh5
Bxf5 22. exf5 Kh8 23. Qg4 Rg8 24. Qh3 Rg7 25. Rf3 Qg5 26. Nf1 Bh4 27. f6 Qxf6
28. Ne3 Rag8 29. Raf1 Qe7 30. Rxf4 Rg3 31. Nf5 Rxh3 32. Nxe7 Bxe7 33. Rxf7 Bd8
34. Rxb7 Rhg3 35. Rff7 Rxg2+ 36. Kf1 Rg1+ 37. Ke2 R1g7 38. Rxa7 Rg2+ 39. Kf3
R2g3+ 40. Kf2 Rg2+ 41. Kf3 R2g3+ 42. Ke4 Re8+ 43. Kd5 Rxd3+ 44. Kc6 Rd2 45.
Rh7+ Kg8 46. Rag7+ Kf8 47. h6 1-0

[Event "34. Open Internacional de Andorra 2016"]
[Site "Andorra AND"]
[Date "2016.08.08"]
[Round "6.25"]
[White "Elguezabal Selioutin, Dario"]
[Black "Monpeurt, Cyrielle"]
[Result "0-1"]
[WhiteElo "1780"]
[BlackElo "2136"]
[PlyCount "68"]
[EventDate "2016.08.03"]
[EventType "swiss"]
[EventRounds "9"]
[EventCountry "AND"]
[SourceTitle "Ajedrez en Madrid"]
[Source "lmi"]
[SourceDate "2016.08.03"]
[SourceVersion "1"]
[SourceVersionDate "2018.03.01"]
[SourceQuality "1"]

1. d4 Nf6 2. Nf3 d5 3. c4 c6 4. e3 g6 5. Nc3 Bg7 6. Bd3 O-O 7. O-O Bg4 8. h3
Bxf3 9. Qxf3 e6 10. Rd1 Nbd7 11. e4 e5 12. Be3 c5 13. Nxd5 Nxd5 14. cxd5 cxd4
15. Bd2 Qb6 16. a3 Nc5 17. Bb4 Rfc8 18. Bxc5 Rxc5 19. Rac1 Rac8 20. Rxc5 Rxc5
21. Rd2 Bh6 22. Rd1 Kg7 23. Kh2 a6 24. Qe2 Qb3 25. g3 Bc1 26. Kg2 h5 27. h4 Rc7
28. Rxc1 Rxc1 29. f4 f6 30. d6 Qe6 31. Qd2 Rc6 32. Qb4 b5 33. a4 Qxd6 34. Qxd6
Rxd6 0-1

[Event "34. Open Internacional de Andorra 2016"]
[Site "Andorra AND"]
[Date "2016.08.09"]
[Round "7.1"]
[White "Cori, Jorge"]
[Black "Granda Zuniga, Julio E"]
[Result "1/2-1/2"]
[WhiteElo "2601"]
[BlackElo "2672"]
[PlyCount "102"]
[EventDate "2016.08.03"]
[EventType "swiss"]
[EventRounds "9"]
[EventCountry "AND"]
[SourceTitle "Ajedrez en Madrid"]
[Source "lmi"]
[SourceDate "2016.08.03"]
[SourceVersion "1"]
[SourceVersionDate "2018.03.01"]
[SourceQuality "1"]

1. d4 Nf6 2. c4 e6 3. Nf3 d5 4. Nc3 c6 5. e3 Nbd7 6. Qc2 Bd6 7. Bd3 dxc4 8.
Bxc4 b5 9. Be2 Bb7 10. O-O O-O 11. e4 e5 12. dxe5 Nxe5 13. Nd4 Bc5 14. Nf5 Qb6
15. Bf4 Rfe8 16. Rad1 Re6 17. a3 a5 18. Be3 Bxe3 19. Nxe3 Rae8 20. Nf5 Ba6 21.
b4 axb4 22. axb4 Nc4 23. Qc1 h6 24. Rfe1 Qc7 25. Bxc4 bxc4 26. Re3 Ng4 27. Rg3
Rg6 28. h3 Ne5 29. Qf4 Ree6 30. Ra1 Bb7 31. Ra5 Kh7 32. Ne2 Re8 33. h4 Bc8 34.
Ned4 Bxf5 35. Nxf5 Rxg3 36. Qxg3 f6 37. h5 Rd8 38. f4 Rd3 39. Ne3 Qb6 40. fxe5
Qxe3+ 41. Qxe3 Rxe3 42. exf6 gxf6 43. Rc5 Rxe4 44. Rxc6 c3 45. Rxc3 Rxb4 46.
Rc5 Re4 47. Kf2 Re5 48. Rc7+ Kg8 49. g4 f5 50. Kf3 fxg4+ 51. Kxg4 Rg5+ 1/2-1/2

[Event "34. Open Internacional de Andorra 2016"]
[Site "Andorra AND"]
[Date "2016.08.09"]
[Round "7.2"]
[White "Vovk, Andriy"]
[Black "Antoli Royo, Joaquin Miguel"]
[Result "1-0"]
[WhiteElo "2637"]
[BlackElo "2432"]
[PlyCount "59"]
[EventDate "2016.08.03"]
[EventType "swiss"]
[EventRounds "9"]
[EventCountry "AND"]
[SourceTitle "Ajedrez en Madrid"]
[Source "lmi"]
[SourceDate "2016.08.03"]
[SourceVersion "1"]
[SourceVersionDate "2018.03.01"]
[SourceQuality "1"]

1. e4 e5 2. Nf3 Nc6 3. Bc4 Bc5 4. c3 Nf6 5. d4 exd4 6. e5 d5 7. Be2 Ne4 8. cxd4
Bb6 9. Nc3 O-O 10. O-O Be6 11. Na4 f6 12. exf6 Qxf6 13. Be3 Bg4 14. Qb3 Ne7 15.
Rac1 Rac8 16. Rc2 Bxf3 17. Bxf3 Qg6 18. Be2 Kh8 19. f3 Nd6 20. Bf2 c6 21. Bd3
Qg5 22. Nxb6 axb6 23. Re2 Ng6 24. Bxg6 Qxg6 25. Rfe1 Nc4 26. Qb4 c5 27. dxc5
bxc5 28. Bxc5 Rfe8 29. Qxb7 Nd2 30. Rxe8+ 1-0

[Event "34. Open Internacional de Andorra 2016"]
[Site "Andorra AND"]
[Date "2016.08.09"]
[Round "7.3"]
[White "Demuth, Adrien"]
[Black "Trepat Herranz, Joan"]
[Result "1/2-1/2"]
[WhiteElo "2545"]
[BlackElo "2360"]
[PlyCount "71"]
[EventDate "2016.08.03"]
[EventType "swiss"]
[EventRounds "9"]
[EventCountry "AND"]
[SourceTitle "Ajedrez en Madrid"]
[Source "lmi"]
[SourceDate "2016.08.03"]
[SourceVersion "1"]
[SourceVersionDate "2018.03.01"]
[SourceQuality "1"]

1. d4 Nf6 2. c4 e6 3. Nc3 Bb4 4. Nf3 d5 5. Qb3 a5 6. Bg5 c6 7. e3 Nbd7 8. a3
Be7 9. Bd3 h6 10. Bh4 O-O 11. O-O b6 12. cxd5 Nxd5 13. Bg3 Bb7 14. Rfd1 Nxc3
15. Qxc3 Ra7 16. Rac1 Qa8 17. Ne5 Nxe5 18. Bxe5 Rc8 19. Bb1 c5 20. f3 cxd4 21.
Qd3 g6 22. Qxd4 Rxc1 23. Rxc1 Bd5 24. Qxb6 Rb7 25. Qd4 Bf8 26. Be4 Rd7 27. Bxd5
Rxd5 28. Qf4 Bg7 29. Bxg7 Kxg7 30. Rc7 Qe8 31. e4 Rd1+ 32. Kf2 e5 33. Qe3 Qd8
34. Ke2 Rb1 35. Qc3 Rxb2+ 36. Qxb2 1/2-1/2

[Event "34. Open Internacional de Andorra 2016"]
[Site "Andorra AND"]
[Date "2016.08.09"]
[Round "7.4"]
[White "Barbot, Pierre"]
[Black "Lagarde, Maxime"]
[Result "1/2-1/2"]
[WhiteElo "2444"]
[BlackElo "2572"]
[PlyCount "101"]
[EventDate "2016.08.03"]
[EventType "swiss"]
[EventRounds "9"]
[EventCountry "AND"]
[SourceTitle "Ajedrez en Madrid"]
[Source "lmi"]
[SourceDate "2016.08.03"]
[SourceVersion "1"]
[SourceVersionDate "2018.03.01"]
[SourceQuality "1"]

1. Nf3 c5 2. c4 Nc6 3. Nc3 Nf6 4. e3 g6 5. d4 cxd4 6. exd4 d5 7. cxd5 Nxd5 8.
Qb3 Nxc3 9. Bc4 Nd5 10. Bxd5 e6 11. Bxc6+ bxc6 12. O-O Qd5 13. Qc3 f6 14. Be3
Kf7 15. Rfc1 Bd7 16. Ne1 Bd6 17. Nd3 g5 18. Nc5 Bc8 19. Nb3 a5 20. Qxc6 Bb7 21.
Qxd5 Bxd5 22. Nc5 a4 23. b3 a3 24. f3 h5 25. Ne4 Bb8 26. Bf2 g4 27. Bg3 Ba7 28.
Bf2 gxf3 29. gxf3 Rhg8+ 30. Kf1 Bb8 31. Bg3 Bxe4 32. fxe4 Bxg3 33. hxg3 Rxg3
34. Rc7+ Kg6 35. Kf2 Rg4 36. Kf3 Rd8 37. Rd1 f5 38. exf5+ Kxf5 39. Rf7+ Kg6 40.
Ra7 Rf8+ 41. Ke3 Rg3+ 42. Ke4 h4 43. Rh1 h3 44. Rxa3 Rh8 45. Kf4 Rg5 46. Ra6
Rh4+ 47. Kf3 Kf7 48. Rc6 Rxd4 49. Rxh3 Rd3+ 50. Kf4 Rf5+ 51. Ke4 1/2-1/2

[Event "34. Open Internacional de Andorra 2016"]
[Site "Andorra AND"]
[Date "2016.08.09"]
[Round "7.5"]
[White "Bekker-Jensen, Simon"]
[Black "Glud, Jakob Vang"]
[Result "1/2-1/2"]
[WhiteElo "2456"]
[BlackElo "2532"]
[PlyCount "27"]
[EventDate "2016.08.03"]
[EventType "swiss"]
[EventRounds "9"]
[EventCountry "AND"]
[SourceTitle "Ajedrez en Madrid"]
[Source "lmi"]
[SourceDate "2016.08.03"]
[SourceVersion "1"]
[SourceVersionDate "2018.03.01"]
[SourceQuality "1"]

1. Nf3 d5 2. g3 Nf6 3. Bg2 e6 4. O-O Be7 5. d3 O-O 6. Nbd2 c5 7. e4 Nc6 8. Re1
b5 9. e5 Nd7 10. Nf1 a5 11. h4 b4 12. Bg5 a4 13. c4 bxc3 14. bxc3 1/2-1/2

[Event "34. Open Internacional de Andorra 2016"]
[Site "Andorra AND"]
[Date "2016.08.09"]
[Round "7.6"]
[White "Pein, Malcolm"]
[Black "Riff, Jean-Noel"]
[Result "0-1"]
[WhiteElo "2357"]
[BlackElo "2483"]
[PlyCount "62"]
[EventDate "2016.08.03"]
[EventType "swiss"]
[EventRounds "9"]
[EventCountry "AND"]
[SourceTitle "Ajedrez en Madrid"]
[Source "lmi"]
[SourceDate "2016.08.03"]
[SourceVersion "1"]
[SourceVersionDate "2018.03.01"]
[SourceQuality "1"]

1. Nf3 Nf6 2. c4 e6 3. Nc3 Bb4 4. Qc2 c5 5. g4 O-O 6. g5 Ne8 7. a3 Ba5 8. e3 f5
9. b3 Nc6 10. Bb2 a6 11. Bg2 e5 12. d3 d6 13. O-O Nc7 14. h4 f4 15. Ne2 Bg4 16.
Rad1 Qe8 17. exf4 Ne6 18. b4 Nxf4 19. Nxf4 Rxf4 20. Nxe5 Nxe5 21. Bxe5 Bxd1 22.
Qxd1 Qxe5 23. bxa5 Rxh4 24. Re1 Qh2+ 25. Kf1 Rf8 26. Re3 Rhf4 27. Qe2 Qh4 28.
Rf3 Qxg5 29. Qe6+ Kh8 30. Qxd6 Rxf3 31. Bxf3 Qf5 0-1

[Event "34. Open Internacional de Andorra 2016"]
[Site "Andorra AND"]
[Date "2016.08.09"]
[Round "7.7"]
[White "Berkovich, Mark A"]
[Black "Aloma Vidal, Robert"]
[Result "0-1"]
[WhiteElo "2346"]
[BlackElo "2475"]
[PlyCount "98"]
[EventDate "2016.08.03"]
[EventType "swiss"]
[EventRounds "9"]
[EventCountry "AND"]
[SourceTitle "Ajedrez en Madrid"]
[Source "lmi"]
[SourceDate "2016.08.03"]
[SourceVersion "1"]
[SourceVersionDate "2018.03.01"]
[SourceQuality "1"]

1. c4 e5 2. Nc3 Nc6 3. Nf3 Nf6 4. e3 Be7 5. Qb3 O-O 6. Be2 Re8 7. O-O Bc5 8. d3
d6 9. Ng5 a6 10. Bf3 Ne7 11. Bd2 Ng6 12. g3 Rb8 13. Rfe1 Bf5 14. Nge4 Nd7 15.
Qc2 Ba7 16. Nd5 Ndf8 17. Ba5 Ne6 18. Rac1 Bh3 19. Qe2 f5 20. Nd2 Qd7 21. Bg2
Bxg2 22. Kxg2 c6 23. Bb6 Bxb6 24. Nxb6 Qd8 25. Na4 b5 26. cxb5 axb5 27. Nc3 d5
28. Qh5 d4 29. Qxf5 dxc3 30. Rxc3 Qd7 31. Qe4 c5 32. h4 c4 33. b4 Nc7 34. Ra3
Nd5 35. dxc4 Nf6 36. Qc2 Red8 37. Nf3 Qg4 38. e4 Ra8 39. Ree3 Rxa3 40. Rxa3
Nxe4 41. cxb5 Nf4+ 42. Kg1 Nh3+ 43. Kg2 Nhxf2 44. Qc4+ Kf8 45. Ng1 Nd1 46. Rd3
Rd4 47. Qb3 Nd2 48. Rxd4 exd4 49. Qd3 Ne3+ 0-1

[Event "34. Open Internacional de Andorra 2016"]
[Site "Andorra AND"]
[Date "2016.08.09"]
[Round "7.8"]
[White "Banusz, Tamas"]
[Black "Garrido Fernandez, Daniel"]
[Result "1-0"]
[WhiteElo "2616"]
[BlackElo "2204"]
[PlyCount "99"]
[EventDate "2016.08.03"]
[EventType "swiss"]
[EventRounds "9"]
[EventCountry "AND"]
[SourceTitle "Ajedrez en Madrid"]
[Source "lmi"]
[SourceDate "2016.08.03"]
[SourceVersion "1"]
[SourceVersionDate "2018.03.01"]
[SourceQuality "1"]

1. Nf3 f5 2. g3 Nf6 3. Bg2 g6 4. O-O Bg7 5. d4 O-O 6. c4 d6 7. Nc3 c6 8. Re1
Qc7 9. e4 fxe4 10. Nxe4 Nxe4 11. Rxe4 Bf5 12. Re1 e5 13. dxe5 dxe5 14. Ng5 Na6
15. Ne4 Rad8 16. Qe2 Bxe4 17. Bxe4 Nc5 18. Bg5 Rd4 19. Bc2 Ne6 20. Be3 Rd7 21.
Be4 Nd4 22. Qg4 Rdf7 23. h4 Qd7 24. Qxd7 Rxd7 25. Kg2 Nf5 26. Bxa7 Rd2 27. Bc5
Ra8 28. Ba3 Nd6 29. Rac1 Nxe4 30. Rxe4 b6 31. Kf1 c5 32. Ke1 Rad8 33. Re2 Bh6
34. Rxe5 Rxf2 35. Kxf2 Bxc1 36. Re6 Rb8 37. Ke2 Bh6 38. Kd3 Bg7 39. Kc2 Kf7 40.
Rd6 Ke7 41. Rd3 Ke6 42. b4 Bd4 43. Bc1 Ra8 44. Kb3 Ke5 45. b5 Rf8 46. Bf4+ Kf5
47. a4 Re8 48. a5 bxa5 49. b6 Re1 50. Kc2 1-0

[Event "34. Open Internacional de Andorra 2016"]
[Site "Andorra AND"]
[Date "2016.08.09"]
[Round "7.9"]
[White "Bilquez, Romain"]
[Black "Prohaszka, Peter"]
[Result "0-1"]
[WhiteElo "2183"]
[BlackElo "2604"]
[PlyCount "98"]
[EventDate "2016.08.03"]
[EventType "swiss"]
[EventRounds "9"]
[EventCountry "AND"]
[SourceTitle "Ajedrez en Madrid"]
[Source "lmi"]
[SourceDate "2016.08.03"]
[SourceVersion "1"]
[SourceVersionDate "2018.03.01"]
[SourceQuality "1"]

1. e4 c6 2. Nf3 d5 3. exd5 cxd5 4. Ne5 Nf6 5. d4 g6 6. Bb5+ Nbd7 7. O-O Bg7 8.
Bf4 O-O 9. Nxd7 Bxd7 10. Bxd7 Qxd7 11. Be5 Qb5 12. Qc1 Rac8 13. c3 Qd3 14. Qd1
Qxd1 15. Rxd1 Ne8 16. Bxg7 Kxg7 17. Nd2 Nd6 18. Re1 Rfe8 19. Re5 e6 20. Rae1 b5
21. R5e2 b4 22. cxb4 Nf5 23. Nb3 Rc4 24. a3 Nxd4 25. Nxd4 Rxd4 26. Rc2 Re7 27.
Rec1 Rd3 28. Rc3 Rd2 29. R3c2 Rxc2 30. Rxc2 Kf6 31. Kf1 Ke5 32. Ke2 Kd4 33. b5
Rb7 34. a4 e5 35. b4 e4 36. h4 f5 37. g3 a6 38. Rc5 axb5 39. Rxb5 Rxb5 40. axb5
Ke5 41. b6 Kd6 42. b7 Kc7 43. Ke3 Kxb7 44. Kd4 Kc6 45. h5 Kd6 46. hxg6 hxg6 47.
b5 g5 48. b6 f4 49. gxf4 gxf4 0-1

[Event "34. Open Internacional de Andorra 2016"]
[Site "Andorra AND"]
[Date "2016.08.09"]
[Round "7.10"]
[White "Kogan, Arthur"]
[Black "Birnbaum, Detlev"]
[Result "1-0"]
[WhiteElo "2530"]
[BlackElo "2130"]
[PlyCount "45"]
[EventDate "2016.08.03"]
[EventType "swiss"]
[EventRounds "9"]
[EventCountry "AND"]
[SourceTitle "Ajedrez en Madrid"]
[Source "lmi"]
[SourceDate "2016.08.03"]
[SourceVersion "1"]
[SourceVersionDate "2018.03.01"]
[SourceQuality "1"]

1. e4 e6 2. Qe2 c5 3. Nf3 Nc6 4. g3 Nf6 5. Bg2 d5 6. d3 Be7 7. e5 Nd7 8. h4 Qc7
9. Bf4 h5 10. c4 dxc4 11. dxc4 Qa5+ 12. Nbd2 Nf8 13. O-O Ng6 14. Ne4 Nxf4 15.
gxf4 O-O 16. Rfd1 Rd8 17. Nd6 Qc7 18. Ng5 g6 19. Ngxf7 Bxd6 20. Nxd8 Qxd8 21.
Rxd6 Qxh4 22. Bxc6 bxc6 23. Qd3 1-0

[Event "34. Open Internacional de Andorra 2016"]
[Site "Andorra AND"]
[Date "2016.08.09"]
[Round "7.11"]
[White "Cantin, Loic"]
[Black "Collins, Sam E"]
[Result "0-1"]
[WhiteElo "2146"]
[BlackElo "2448"]
[PlyCount "38"]
[EventDate "2016.08.03"]
[EventType "swiss"]
[EventRounds "9"]
[EventCountry "AND"]
[SourceTitle "Ajedrez en Madrid"]
[Source "lmi"]
[SourceDate "2016.08.03"]
[SourceVersion "1"]
[SourceVersionDate "2018.03.01"]
[SourceQuality "1"]

1. c4 Nf6 2. Nf3 c6 3. Nc3 d5 4. e3 e6 5. d4 Nbd7 6. Qc2 Bd6 7. g4 h6 8. Rg1 e5
9. dxe5 Nxe5 10. Nxe5 Bxe5 11. f4 Bxc3+ 12. Qxc3 O-O 13. g5 Ne4 14. Qd4 hxg5
15. Bd3 g4 16. Bxe4 Qh4+ 17. Ke2 dxe4 18. Qxe4 Qxh2+ 19. Kf1 g3 0-1

[Event "34. Open Internacional de Andorra 2016"]
[Site "Andorra AND"]
[Date "2016.08.09"]
[Round "7.12"]
[White "Jerez Perez, Alfonso"]
[Black "Caloone, Thomas"]
[Result "1-0"]
[WhiteElo "2386"]
[BlackElo "2029"]
[PlyCount "125"]
[EventDate "2016.08.03"]
[EventType "swiss"]
[EventRounds "9"]
[EventCountry "AND"]
[SourceTitle "Ajedrez en Madrid"]
[Source "lmi"]
[SourceDate "2016.08.03"]
[SourceVersion "1"]
[SourceVersionDate "2018.03.01"]
[SourceQuality "1"]

1. d4 Nf6 2. Nf3 g6 3. g3 Bg7 4. Bg2 O-O 5. O-O d5 6. c4 dxc4 7. Na3 Nc6 8.
Nxc4 Be6 9. b3 Bd5 10. Bb2 a5 11. a4 Nb4 12. Rc1 c6 13. Ba3 Ne4 14. Qe1 Bh6 15.
Bxb4 axb4 16. Qxb4 Bxc1 17. Rxc1 Nd6 18. Nb6 Ra6 19. a5 Rxb6 20. axb6 Nc8 21.
Ne5 Bxg2 22. Kxg2 Qxb6 23. Qc3 Rd8 24. e3 Nd6 25. Ra1 Qb5 26. Ra5 Qe2 27. Qd3
Qe1 28. Ra7 Kg7 29. Nc4 Qb4 30. Nxd6 Rxd6 31. Qc4 Qxc4 32. bxc4 Rd7 33. Kf3 Kf6
34. Ke4 Ke6 35. g4 Rc7 36. Ra8 Kf6 37. h4 h6 38. f4 Kg7 39. Rb8 f6 40. h5 e6
41. hxg6 Kxg6 42. f5+ exf5+ 43. gxf5+ Kg7 44. Kf4 Rd7 45. Ra8 Kh7 46. c5 h5 47.
Ra2 Rg7 48. Rb2 Kh6 49. e4 Rg4+ 50. Ke3 Rg7 51. e5 fxe5 52. dxe5 Rg5 53. Rxb7
Rxf5 54. Ke4 Rg5 55. Rb6 Rg6 56. Kf5 Rg5+ 57. Kf6 Rg6+ 58. Ke7 h4 59. e6 Rg7+
60. Kf8 Rg5 61. e7 Rf5+ 62. Kg8 Rg5+ 63. Kf7 1-0

[Event "34. Open Internacional de Andorra 2016"]
[Site "Andorra AND"]
[Date "2016.08.09"]
[Round "7.13"]
[White "Barbero Sendic, Alejandro"]
[Black "Bas Mas, Miguel"]
[Result "1-0"]
[WhiteElo "2336"]
[BlackElo "2123"]
[PlyCount "99"]
[EventDate "2016.08.03"]
[EventType "swiss"]
[EventRounds "9"]
[EventCountry "AND"]
[SourceTitle "Ajedrez en Madrid"]
[Source "lmi"]
[SourceDate "2016.08.03"]
[SourceVersion "1"]
[SourceVersionDate "2018.03.01"]
[SourceQuality "1"]

1. e4 c5 2. Nf3 e6 3. b3 d6 4. Bd3 e5 5. c3 Nc6 6. O-O Bg4 7. Na3 g6 8. h3 h5
9. Be2 Bg7 10. d3 Bxf3 11. Bxf3 Nge7 12. Be3 O-O 13. Nc2 f5 14. b4 f4 15. Bd2
b5 16. a4 a6 17. axb5 axb5 18. Rxa8 Qxa8 19. Qb1 Qb7 20. Qa2+ Kh7 21. Ra1 Rb8
22. Qe6 Qc7 23. Qa2 Nc8 24. Rf1 Nb6 25. g3 Bh6 26. Kg2 Na4 27. Rc1 fxg3 28. Ne3
Bxe3 29. fxe3 Nd8 30. Rf1 c4 31. dxc4 Qxc4 32. Qxc4 bxc4 33. Be2 Nb6 34. Rf6
Nb7 35. Rf7+ Kh6 36. Rc7 h4 37. Rc6 Nd7 38. Bxc4 Nf6 39. Rb6 Nxe4 40. Be1 Ra8
41. Bd5 Ra1 42. Bxe4 Rxe1 43. Bxb7 Rxe3 44. Rxd6 e4 45. Re6 Re2+ 46. Kf1 Rh2
47. Bxe4 Rxh3 48. Rxg6+ Kh5 49. Bg2 Rh2 50. Rg8 1-0

[Event "34. Open Internacional de Andorra 2016"]
[Site "Andorra AND"]
[Date "2016.08.09"]
[Round "7.14"]
[White "Monpeurt, Cyrielle"]
[Black "Adel Lahchaichi, Oussama"]
[Result "0-1"]
[WhiteElo "2136"]
[BlackElo "2334"]
[PlyCount "74"]
[EventDate "2016.08.03"]
[EventType "swiss"]
[EventRounds "9"]
[EventCountry "AND"]
[SourceTitle "Ajedrez en Madrid"]
[Source "lmi"]
[SourceDate "2016.08.03"]
[SourceVersion "1"]
[SourceVersionDate "2018.03.01"]
[SourceQuality "1"]

1. e4 c5 2. Nf3 Nc6 3. Nc3 Nf6 4. Bb5 Qc7 5. O-O Nd4 6. Nxd4 cxd4 7. Nd5 Nxd5
8. exd5 Qc5 9. c4 a6 10. Ba4 b5 11. cxb5 Qxd5 12. Bb3 Qf5 13. d3 Bb7 14. Qe2
axb5 15. Bd2 e6 16. a4 bxa4 17. Rxa4 Rxa4 18. Bxa4 Bd6 19. f4 O-O 20. Bxd7 Ra8
21. Bc1 g6 22. b3 Qd5 23. Ba4 Rc8 24. Bb2 Rc7 25. Rf2 Re7 26. Qe4 Qxe4 27. dxe4
d3 28. Rf1 Bxe4 29. Rc1 Rc7 30. Rxc7 Bxc7 31. Be5 Ba5 32. Bd6 Bb6+ 33. Kf1 Be3
34. b4 f6 35. b5 Bb6 36. Bd1 Bd5 37. Bb4 Bc4 0-1

[Event "34. Open Internacional de Andorra 2016"]
[Site "Andorra AND"]
[Date "2016.08.09"]
[Round "7.15"]
[White "Kern, Nicolas"]
[Black "Eden, James"]
[Result "1/2-1/2"]
[WhiteElo "2079"]
[BlackElo "2320"]
[PlyCount "86"]
[EventDate "2016.08.03"]
[EventType "swiss"]
[EventRounds "9"]
[EventCountry "AND"]
[SourceTitle "Ajedrez en Madrid"]
[Source "lmi"]
[SourceDate "2016.08.03"]
[SourceVersion "1"]
[SourceVersionDate "2018.03.01"]
[SourceQuality "1"]

1. e4 e5 2. Nf3 Nc6 3. Bb5 Nf6 4. O-O Nxe4 5. Re1 Nd6 6. Nxe5 Nxe5 7. Rxe5+ Be7
8. Bf1 O-O 9. d4 Bf6 10. Re1 Nf5 11. c3 d5 12. Bf4 c6 13. Nd2 Ne7 14. Be5 Ng6
15. Bxf6 Qxf6 16. Qf3 Bf5 17. Qg3 h5 18. Nf3 h4 19. Qg5 Qxg5 20. Nxg5 Rfe8 21.
Nf3 f6 22. Rxe8+ Rxe8 23. Re1 Rxe1 24. Nxe1 Kf7 25. f3 Ke6 26. Kf2 Ne7 27. Ke3
Bb1 28. a3 Nf5+ 29. Kd2 g5 30. Be2 Nd6 31. b3 b6 32. Nd3 a5 33. Kc1 Bxd3 34.
Bxd3 c5 35. a4 cxd4 36. cxd4 Nf5 37. Bxf5+ Kxf5 38. Kd2 Kf4 39. Ke2 g4 40. Kf2
h3 41. gxh3 gxh3 42. Ke2 Kg5 43. Kf2 Kf4 1/2-1/2

[Event "34. Open Internacional de Andorra 2016"]
[Site "Andorra AND"]
[Date "2016.08.09"]
[Round "7.16"]
[White "Cai, Chaoruo"]
[Black "Martinez Lopez, Ivan"]
[Result "1-0"]
[WhiteElo "1961"]
[BlackElo "2246"]
[PlyCount "91"]
[EventDate "2016.08.03"]
[EventType "swiss"]
[EventRounds "9"]
[EventCountry "AND"]
[SourceTitle "Ajedrez en Madrid"]
[Source "lmi"]
[SourceDate "2016.08.03"]
[SourceVersion "1"]
[SourceVersionDate "2018.03.01"]
[SourceQuality "1"]

1. d4 Nf6 2. Nf3 g6 3. c4 Bg7 4. Nc3 O-O 5. e4 d6 6. Be2 e5 7. O-O exd4 8. Nxd4
Re8 9. f3 Nc6 10. Be3 Nh5 11. Qd2 f5 12. Nxc6 bxc6 13. c5 Be6 14. Rfd1 d5 15.
exd5 Bxd5 16. Nxd5 cxd5 17. Bb5 Re6 18. Bg5 Nf6 19. Re1 Rxe1+ 20. Rxe1 Qf8 21.
b4 Rd8 22. Re6 a5 23. Rc6 axb4 24. Rxc7 Rc8 25. Rxc8 Qxc8 26. Qxb4 Bf8 27. Be3
f4 28. Bd4 Nd7 29. Qb3 Nxc5 30. Qxd5+ Ne6 31. Bc4 Kf7 32. Kf2 Ba3 33. Ke2 Ke7
34. Qxe6+ Qxe6+ 35. Bxe6 Kxe6 36. Kd3 Kd5 37. Bg7 h5 38. h3 Bc5 39. a4 Bb4 40.
Bc3 Bc5 41. a5 Bf2 42. Bd2 Ke5 43. Kc4 Kf5 44. Bb4 Ba7 45. Bc5 Bb8 46. a6 1-0